000 00282nam a2200121Ia 4500
082 _a615.19
_bI12Q
100 _aQADRY, J.S.
245 _aTB OF INORGANIC PHARMA CEUTICAL & MEDICAL CHEMISTRY
260 _bCBS- DELHI
300 _a286
650 _aPHARMACEUTICS
942 _2ddc
_cBK
_01
999 _c7167
_d7167